| 000 | 010760000a22002890004500 | ||
|---|---|---|---|
| 003 | EG-GICUC | ||
| 005 | 20250223030030.0 | ||
| 008 | 090818s1996 ua dh f m 000 0 eng d | ||
| 040 |
_aEG-GiCUC _beng _cEG-GiCUC |
||
| 041 | 0 | _aEng | |
| 049 | _aDeposite | ||
| 097 | _aM.Sc | ||
| 099 | _aCai01.11.28.M.Sc.1996.Ya.H | ||
| 100 | 0 | _aYasser Mahmoud Elbaz | |
| 245 | 1 | 0 |
_aHearing abnormalities in sickle cell anemia / _cYasser Mahmoud Elbaz ; Supervised Mona Eltagui , Eman Abdelraouf , Moustafa Elkhousht |
| 246 | 1 | 5 | _aالعيوب السمعية فى انيميا الخلايا المنجلية |
| 260 |
_aCairo : _bYasser Mahmoud Elbaz , _c1996 |
||
| 300 |
_a136Leaves : _bfacsimiles , charts ; _c30cm |
||
| 502 | _aThesis(M.Sc.) - Cairo University - Faculty of Medicine - Department of pediatrics | ||
| 700 | 0 |
_aEman Abdelraouf , _eSupervisor |
|
| 700 | 0 |
_aMona Eltagui , _eSupervisor |
|
| 700 | 0 |
_aMoustafa Elkhousht , _eSupervisor |
|
| 856 | _uhttp://172.23.153.220/th.pdf | ||
| 905 |
_aMustafa _eRevisor |
||
| 905 |
_aReda _eCataloger |
||
| 942 |
_2ddc _cTH |
||
| 999 |
_c25955 _d25955 |
||